[Event "Titled Tuesday 2022.10.04 Early"]
[Site "chess.com INT"]
[Date "2022.10.04"]
[Round "5"]
[White "Hambleton, Aman"]
[Black "Gascon Del Nogal, Jose Rafael"]
[Result "1-0"]
[WhiteElo "2437"]
[BlackElo "2458"]
[PlyCount "135"]
[EventDate "2022.10.04"]
[EventType "swiss (blitz)"]
[EventRounds "11"]
[EventCountry "NET"]
[Source "Mark Crowther"]
[SourceDate "2022.10.10"]

1. d4 Nf6 2. Bf4 c5 3. e3 d5 4. c3 Nc6 5. Nd2 e6 6. Ngf3 cxd4 7. exd4 Nh5 8.
Be3 Bd6 9. g3 O-O 10. Bd3 f5 11. Ne5 Nf6 12. Ndf3 Qc7 13. Bf4 Nh5 14. Qe2 h6
15. Bd2 Nf6 16. Ng6 Re8 17. Bf4 Rb8 18. Bxd6 Qxd6 19. O-O Ne4 20. Nfe5 Nxe5 21.
Nxe5 Bd7 22. Nxd7 Qxd7 23. Bb5 Qd6 24. Bxe8 Rxe8 25. f3 Nf6 26. Rfe1 Kf7 27.
Qb5 Re7 28. a4 g5 29. a5 a6 30. Qe2 h5 31. Rf1 g4 32. Rae1 Ke8 33. Kg2 Kd7 34.
b3 Rh7 35. c4 h4 36. Qe5 Qxe5 37. dxe5 gxf3+ 38. Rxf3 Ne4 39. cxd5 hxg3 40.
hxg3 exd5 41. Rxf5 Ke6 42. g4 Rg7 43. Kf3 Ng5+ 44. Kf4 Ne4 45. Rxe4 dxe4 46.
Rf6+ Ke7 47. Rb6 Kd8 48. Rb4 e3 49. Kxe3 Kc7 50. Kf4 Rf7+ 51. Kg5 Rf3 52. Rb6
Re3 53. Kf4 Re1 54. b4 Rf1+ 55. Kg5 Re1 56. e6 Re4 57. Kf5 Re1 58. g5 Rf1+ 59.
Kg6 Re1 60. Kf6 Rf1+ 61. Kg7 Re1 62. g6 Rg1 63. Kf7 Rf1+ 64. Kg8 Rg1 65. g7 Rf1
66. e7 Re1 67. Kf7 Rf1+ 68. Rf6 1-0

[Event "Titled Tuesday 2022.10.04 Early"]
[Site "chess.com INT"]
[Date "2022.10.04"]
[Round "6"]
[White "Budrewicz, K."]
[Black "Hambleton, Aman"]
[Result "0-1"]
[WhiteElo "2184"]
[BlackElo "2437"]
[PlyCount "146"]
[EventDate "2022.10.04"]
[EventType "swiss (blitz)"]
[EventRounds "11"]
[EventCountry "NET"]
[Source "Mark Crowther"]
[SourceDate "2022.10.10"]

1. d4 b6 2. c4 Bb7 3. Nc3 e6 4. a3 Nf6 5. Nf3 g6 6. Qc2 Bxf3 7. exf3 d5 8. Qa4+
c6 9. Be3 Bg7 10. Be2 O-O 11. O-O a6 12. Rfd1 Qe7 13. Rac1 Qb7 14. Qc2 b5 15.
c5 Nbd7 16. f4 a5 17. Bd3 a4 18. Na2 Ng4 19. Nb4 Nxe3 20. fxe3 Rae8 21. Ra1 Nb8
22. b3 axb3 23. Qxb3 f6 24. a4 bxa4 25. Qxa4 e5 26. Rdb1 exd4 27. exd4 f5 28.
Nc2 Qc7 29. g3 Re7 30. Qa8 Rfe8 31. Ra2 Nd7 32. Qb7 Nf8 33. Qxc7 Rxc7 34. Rb6
Ne6 35. Ra4 Kf7 36. Kf2 h5 37. h4 Bf6 38. Ba6 Ke7 39. Be2 Kd7 40. Bf3 Be7 41.
Ke2 Rec8 42. Kd2 Bf6 43. Kd3 Rd8 44. Raa6 Be7 45. Ra5 Rdc8 46. Nb4 Nd8 47. Raa6
Rb7 48. Rxb7+ Nxb7 49. Bxd5 Nxc5+ 50. dxc5 cxd5 51. c6+ Kd6 52. Kd4 Bf6+ 53.
Kd3 Kc5 54. Nc2 Rxc6 55. Ra8 Kd6 56. Rg8 Rc3+ 57. Kd2 Rxg3 58. Ne3 d4 59. Nc4+
Kd5 60. Nb6+ Ke4 61. Nd7 Bxh4 62. Nf8 Kf3 63. Rxg6 Rxg6 64. Nxg6 Bf6 65. Kd3 h4
66. Nxh4+ Bxh4 67. Kxd4 Kxf4 68. Kd3 Kg3 69. Ke2 f4 70. Kf1 f3 71. Kg1 f2+ 72.
Kf1 Bd8 73. Ke2 Kg2 0-1

[Event "Titled Tuesday 2022.10.04 Early"]
[Site "chess.com INT"]
[Date "2022.10.04"]
[Round "10"]
[White "Kucuksari, Kaan"]
[Black "Hambleton, Aman"]
[Result "0-1"]
[WhiteElo "2482"]
[BlackElo "2437"]
[PlyCount "138"]
[EventDate "2022.10.04"]
[EventType "swiss (blitz)"]
[EventRounds "11"]
[EventCountry "NET"]
[Source "Mark Crowther"]
[SourceDate "2022.10.10"]

1. d4 Nf6 2. c4 e6 3. g3 c5 4. d5 exd5 5. cxd5 d6 6. Nc3 g6 7. Nf3 Bg7 8. Bg2
O-O 9. O-O Nbd7 10. Bf4 Qe7 11. a4 a6 12. Rb1 Nh5 13. Bg5 f6 14. Bd2 f5 15. b4
f4 16. bxc5 Nxc5 17. Rb4 g5 18. Nd4 Bg4 19. Ne6 a5 20. Rb6 fxg3 21. hxg3 Nxg3
22. fxg3 Nxe6 23. dxe6 Bd4+ 24. e3 Bxd1 25. exd4 Rxf1+ 26. Bxf1 Bf3 27. d5 Rf8
28. Be1 Qc7 29. Rb2 Qc5+ 30. Rf2 Bxd5 31. e7 Re8 32. Nxd5 Qxd5 33. Re2 Kf7 34.
Bg2 Qd4+ 35. Bf2 Qd1+ 36. Re1 Qxe1+ 37. Bxe1 Rxe7 38. Bxa5 Ke6 39. Bd2 h6 40.
Kf2 d5 41. Be3 Rc7 42. Bd4 Rc4 43. Ke3 Rxa4 44. Bh3+ Kd6 45. Bf5 Ra3+ 46. Bd3
b5 47. Bg7 Kc6 48. Bxh6 g4 49. Bf8 Ra4 50. Bg7 b4 51. Bc2 Ra3+ 52. Kf4 b3 53.
Bf5 Ra4+ 54. Kg5 d4 55. Bxg4 b2 56. Bf5 Ra5 57. Bxd4 Rxf5+ 58. Kxf5 b1=Q+ 59.
Kf4 Kd5 60. Bf2 Ke6 61. g4 Qg6 62. Kg3 Ke5 63. Be3 Ke4 64. Bf4 Qg8 65. Bh6 Qh8
66. Bg5 Qg7 67. Kh4 Kf3 68. Kh5 Qg8 69. Bh6 Qxg4# 0-1

[Event "Titled Tuesday 2022.10.04 Late"]
[Site "chess.com INT"]
[Date "2022.10.04"]
[Round "1"]
[White "Garagulya, K."]
[Black "Hambleton, Aman"]
[Result "1-0"]
[WhiteElo "2389"]
[BlackElo "2437"]
[PlyCount "87"]
[EventDate "2022.10.04"]
[EventType "swiss (blitz)"]
[EventRounds "11"]
[EventCountry "NET"]
[Source "Mark Crowther"]
[SourceDate "2022.10.10"]

1. d4 Nf6 2. Nf3 b6 3. a4 c5 4. e3 e6 5. Nbd2 Bb7 6. a5 bxa5 7. Nb3 cxd4 8.
exd4 Nc6 9. Bb5 Qb6 10. Be2 Bb4+ 11. Bd2 Ne4 12. c3 Nxd2 13. Nbxd2 Be7 14. Nc4
Qc7 15. Qa4 O-O 16. Nxa5 Nxa5 17. Qxa5 Qf4 18. O-O Bd6 19. Qg5 f6 20. Qxf4 Bxf4
21. g3 Bc7 22. Nd2 Rfb8 23. Rfb1 a5 24. Ra2 Bd5 25. Bc4 Bc6 26. f4 Kf8 27. Kf2
Ra7 28. Ke3 Rab7 29. b3 h6 30. Bd3 g5 31. Bc2 gxf4+ 32. gxf4 Bd5 33. Rg1 f5 34.
Rg6 Kf7 35. Rxh6 Rg8 36. Rh7+ Ke8 37. c4 Bh1 38. Bd3 Rg4 39. Be2 Bxf4+ 40. Kd3
Rg8 41. Bh5+ Kd8 42. Rxa5 Bxd2 43. Ra8+ Kc7 44. Rxg8 1-0

[Event "Titled Tuesday 2022.10.04 Late"]
[Site "chess.com INT"]
[Date "2022.10.04"]
[Round "2"]
[White "Hambleton, Aman"]
[Black "Hoffmann, As"]
[Result "1-0"]
[WhiteElo "2437"]
[BlackElo "2185"]
[PlyCount "81"]
[EventDate "2022.10.04"]
[EventType "swiss (blitz)"]
[EventRounds "11"]
[EventCountry "NET"]
[Source "Mark Crowther"]
[SourceDate "2022.10.10"]

1. g3 d6 2. Bg2 e5 3. c4 c6 4. Nc3 Nf6 5. e4 Be6 6. d3 d5 7. exd5 cxd5 8. Qb3
Nbd7 9. cxd5 Nc5 10. Qc4 Bf5 11. Ne4 Rc8 12. Nxc5 Bxc5 13. Qb5+ Bd7 14. Qb3 O-O
15. Ne2 h6 16. O-O Bf5 17. Be3 b6 18. Rad1 Re8 19. d4 Bd6 20. dxe5 Bxe5 21. Nd4
Bxd4 22. Rxd4 Be4 23. d6 Bxg2 24. Kxg2 Qd7 25. Rfd1 Re6 26. a4 Rc6 27. Qb5 Rc5
28. Qxd7 Nxd7 29. b4 Rc6 30. b5 Rc8 31. Rc1 Rd8 32. Rc7 Nc5 33. Bf4 Rg6 34.
Rxa7 Ne6 35. Re4 Nxf4+ 36. Rxf4 Rdxd6 37. Rfxf7 Rd2 38. Rf4 Re6 39. h4 Re1 40.
Rg4 Rd7 41. Rxd7 1-0

[Event "Titled Tuesday 2022.10.04 Late"]
[Site "chess.com INT"]
[Date "2022.10.04"]
[Round "3"]
[White "Tan, Ralph"]
[Black "Hambleton, Aman"]
[Result "0-1"]
[WhiteElo "1975"]
[BlackElo "2437"]
[PlyCount "230"]
[EventDate "2022.10.04"]
[EventType "swiss (blitz)"]
[EventRounds "11"]
[EventCountry "NET"]
[Source "Mark Crowther"]
[SourceDate "2022.10.10"]

1. Nf3 d5 2. g3 c6 3. Bg2 Nf6 4. O-O h6 5. d4 Bf5 6. c4 e6 7. Nc3 Nbd7 8. b3
Be7 9. Bb2 O-O 10. Rc1 Nb6 11. Nd2 Re8 12. Re1 a5 13. e4 dxe4 14. Ndxe4 a4 15.
Nc5 a3 16. Ba1 Qc7 17. N3e4 Nbd7 18. Nxd7 Qxd7 19. Nc5 Qc7 20. b4 b6 21. Nd3
Bxd3 22. Qxd3 Bxb4 23. Red1 Rad8 24. Qb3 c5 25. d5 Qe7 26. h3 exd5 27. cxd5 b5
28. Qf3 c4 29. g4 Ne4 30. Rd4 Nc5 31. Rcd1 Qe2 32. Qxe2 Rxe2 33. d6 Nd3 34. Bf1
Re1 35. R1xd3 cxd3 36. Rxb4 d2 37. Rd4 d1=Q 38. Rxd1 Rxd1 39. Be5 f6 40. Bf4 b4
41. Kg2 R1xd6 42. Bc4+ Kh8 43. Bxd6 Rxd6 44. Bb3 Rd3 45. Bc4 Rc3 46. Be6 b3 47.
Bxb3 Rxb3 48. axb3 a2 49. b4 a1=Q 50. b5 Qa8+ 51. Kg3 Qb7 52. f3 Qxb5 53. h4 g5
54. h5 Qe5+ 55. Kh3 Qf4 56. Kg2 f5 57. Kh3 Qxf3+ 58. Kh2 Qxg4 59. Kh1 Kg7 60.
Kh2 Kf6 61. Kh1 Ke5 62. Kh2 Ke4 63. Kh1 Kf3 64. Kh2 Kf4 65. Kh1 Qxh5+ 66. Kg2
Qh4 67. Kg1 Qh3 68. Kf2 g4 69. Ke1 Qg2 70. Kd1 Qf2 71. Kc1 Qe2 72. Kb1 Qd2 73.
Ka1 Ke3 74. Kb1 f4 75. Ka1 f3 76. Kb1 g3 77. Ka1 f2 78. Kb1 Ke2 79. Ka1 Ke1 80.
Kb1 h5 81. Ka1 h4 82. Kb1 h3 83. Ka1 h2 84. Kb1 g2 85. Ka1 h1=B 86. Kb1 g1=N
87. Ka1 f1=Q 88. Kb1 Qb5+ 89. Ka1 Qb1+ 90. Kxb1 Qb2+ 91. Kxb2 Kd2 92. Kb3 Ne2
93. Kc4 Bf3 94. Kb3 Kd3 95. Kb4 Nc3 96. Kc5 Be4 97. Kd6 Kd4 98. Ke6 Nd5 99. Kd6
Bf5 100. Kc6 Nc3 101. Kd6 Nb5+ 102. Kc6 Kc4 103. Kb6 Be4 104. Ka5 Kc5 105. Ka4
Bc2+ 106. Ka5 Bb3 107. Ka6 Nd6 108. Ka5 Nb7+ 109. Ka6 Kc6 110. Ka7 Kc7 111. Ka6
Bc4+ 112. Ka7 Bb5 113. Ka8 Nd6 114. Ka7 Nc8+ 115. Ka8 Bc6# 0-1

[Event "Titled Tuesday 2022.10.04 Late"]
[Site "chess.com INT"]
[Date "2022.10.04"]
[Round "4"]
[White "Hambleton, Aman"]
[Black "Aldokhin, I."]
[Result "1-0"]
[WhiteElo "2437"]
[BlackElo "2413"]
[PlyCount "87"]
[EventDate "2022.10.04"]
[EventType "swiss (blitz)"]
[EventRounds "11"]
[EventCountry "NET"]
[Source "Mark Crowther"]
[SourceDate "2022.10.10"]

1. d4 Nf6 2. Bf4 d6 3. Nc3 Nbd7 4. Nf3 c5 5. d5 b5 6. Nxb5 Rb8 7. a4 Qb6 8. Nd2
Nxd5 9. Nc4 Nxf4 10. Nxb6 axb6 11. e3 Ne6 12. Bc4 g6 13. O-O Bg7 14. c3 Ne5 15.
Bd5 O-O 16. f4 Nd7 17. g3 Nf6 18. Bf3 h5 19. Qe2 d5 20. Rad1 Rd8 21. e4 dxe4
22. Rxd8+ Nxd8 23. Bxe4 Nxe4 24. Qxe4 e6 25. Rd1 Bb7 26. Rxd8+ Rxd8 27. Qxb7
Rd1+ 28. Kg2 Rd2+ 29. Kf3 Rxb2 30. Qxb6 Rb3 31. Qxc5 Kh7 32. a5 Rb1 33. a6 Ra1
34. Na3 Rf1+ 35. Kg2 Rc1 36. a7 Rxc3 37. Qxc3 Bxc3 38. a8=Q Bf6 39. Nc4 Kg7 40.
Qb7 Kg8 41. h3 g5 42. fxg5 Bxg5 43. Ne5 Kh8 44. Nxf7+ 1-0

[Event "Titled Tuesday 2022.10.04 Late"]
[Site "chess.com INT"]
[Date "2022.10.04"]
[Round "5"]
[White "Nozdrachev, L."]
[Black "Hambleton, Aman"]
[Result "0-1"]
[WhiteElo "2349"]
[BlackElo "2437"]
[PlyCount "104"]
[EventDate "2022.10.04"]
[EventType "swiss (blitz)"]
[EventRounds "11"]
[EventCountry "NET"]
[Source "Mark Crowther"]
[SourceDate "2022.10.10"]

1. e4 c5 2. Nf3 e6 3. g3 Nc6 4. Bg2 Nf6 5. Qe2 d6 6. O-O Be7 7. c3 e5 8. Rd1
O-O 9. d4 Qc7 10. Na3 exd4 11. cxd4 Bg4 12. dxc5 dxc5 13. Bf4 Qc8 14. Nb5 a6
15. Nd6 Bxd6 16. Bxd6 Re8 17. Bxc5 Nxe4 18. Be3 Ng5 19. h3 Nxh3+ 20. Bxh3 Bxh3
21. Ng5 Bg4 22. Qc4 Ne5 23. Qxc8 Raxc8 24. Rdc1 h6 25. f4 Nc4 26. Bd4 hxg5 27.
b3 Nd6 28. Be5 Nf5 29. Kf2 Rxc1 30. Rxc1 f6 31. Bc7 Re2+ 32. Kg1 Bf3 33. fxg5
Rg2+ 34. Kh1 Rc2+ 35. Kg1 Rxc1+ 36. Kf2 Rxc7 37. g4 Bxg4 38. gxf6 gxf6 39. Ke1
b5 40. Kd2 Kf7 41. Kd3 Ke6 42. Ke4 Bh5 43. b4 Be8 44. a4 Rc4+ 45. Kd3 Nd6 46.
axb5 axb5 47. Ke3 Ke5 48. Kf3 f5 49. Ke2 Rxb4 50. Kd3 Rc4 51. Kd2 Kd5 52. Kd3
b4 0-1

[Event "Titled Tuesday 2022.10.04 Late"]
[Site "chess.com INT"]
[Date "2022.10.04"]
[Round "6"]
[White "Hambleton, Aman"]
[Black "Svane, R."]
[Result "0-1"]
[WhiteElo "2437"]
[BlackElo "2615"]
[PlyCount "108"]
[EventDate "2022.10.04"]
[EventType "swiss (blitz)"]
[EventRounds "11"]
[EventCountry "NET"]
[Source "Mark Crowther"]
[SourceDate "2022.10.10"]

1. d4 Nf6 2. Bf4 d5 3. e3 e6 4. Nd2 Bd6 5. Ngf3 O-O 6. Bd3 Bxf4 7. exf4 Qd6 8.
g3 c5 9. dxc5 Qxc5 10. O-O b6 11. Nb3 Qc7 12. Qe2 a5 13. Nbd4 Ba6 14. Rac1 Rc8
15. Bxa6 Nxa6 16. Ne5 Nc5 17. c4 Qb7 18. cxd5 Qxd5 19. Nb5 Qxa2 20. Nd6 Rf8 21.
Rc3 Rad8 22. Rd1 Nd5 23. Ra3 Qxa3 24. bxa3 Rxd6 25. Nc4 Nc3 26. Qe5 Rxd1+ 27.
Kg2 Nd5 28. f5 exf5 29. Qxf5 g6 30. Qg4 h5 31. Qxd1 Nc3 32. Qc2 N3e4 33. Nxb6
Rd8 34. Nc4 Rd3 35. Qc1 Rc3 36. Qf4 Rxc4 37. Qb8+ Kg7 38. Qe5+ Nf6 39. Qb2 Nd3
40. Qd2 Rd4 41. Qe3 Rd5 42. h3 Ne5 43. Qe1 Nc4 44. Qc3 Nd6 45. f3 Nf5 46. g4
hxg4 47. hxg4 Nd6 48. f4 Nde4 49. Qb2 Rd2+ 50. Qxd2 Nxd2 51. g5 Nd5 52. Kg3 Nc4
53. a4 Ncb6 54. f5 gxf5 0-1

[Event "Titled Tuesday 2022.09.27 Early"]
[Site "chess.com INT"]
[Date "2022.09.27"]
[Round "2"]
[White "Hambleton, Aman"]
[Black "Thorhallsson, Simon"]
[Result "1-0"]
[WhiteElo "2437"]
[BlackElo "2171"]
[PlyCount "51"]
[EventDate "2022.09.27"]
[EventType "swiss (blitz)"]
[EventRounds "11"]
[EventCountry "NET"]
[Source "Mark Crowther"]
[SourceDate "2022.10.03"]

1. d4 d5 2. Bf4 Bf5 3. c4 e6 4. Nc3 Nf6 5. e3 Bb4 6. Rc1 O-O 7. Bd3 Bxd3 8.
Qxd3 c5 9. dxc5 Na6 10. Bd6 Ne4 11. Bxf8 Qxf8 12. cxd5 Naxc5 13. Qc2 Qd8 14.
Nge2 Qxd5 15. O-O Nxc3 16. Nxc3 Qh5 17. a3 Bxc3 18. Qxc3 b6 19. b4 Nd7 20. Qc6
Qd5 21. Rfd1 Qxc6 22. Rxc6 Nf6 23. Rdc1 g6 24. Rc8+ Rxc8 25. Rxc8+ Kg7 26. Ra8
1-0

[Event "Titled Tuesday 2022.09.27 Early"]
[Site "chess.com INT"]
[Date "2022.09.27"]
[Round "3"]
[White "Runets, Ivan"]
[Black "Hambleton, Aman"]
[Result "0-1"]
[WhiteElo "2176"]
[BlackElo "2437"]
[PlyCount "148"]
[EventDate "2022.09.27"]
[EventType "swiss (blitz)"]
[EventRounds "11"]
[EventCountry "NET"]
[Source "Mark Crowther"]
[SourceDate "2022.10.03"]

1. d4 Nf6 2. c4 e6 3. Nc3 Bb4 4. e3 O-O 5. Bd3 c5 6. Nge2 b6 7. O-O Bb7 8. d5
exd5 9. cxd5 Re8 10. e4 d6 11. Bg5 h6 12. Bh4 a6 13. a4 Nbd7 14. f3 Ne5 15. Bc2
Ng6 16. Bf2 Bc8 17. Qc1 Bd7 18. Nf4 Ne5 19. Nd3 Nxd3 20. Bxd3 Qc7 21. Bh4 Nh7
22. Qc2 Nf8 23. Bg3 Bxc3 24. Qxc3 b5 25. b3 Qb6 26. Bf2 Qb7 27. Bc2 Ng6 28. b4
cxb4 29. Qxb4 Rec8 30. Bd3 Ne5 31. Be2 Nc4 32. Rfc1 a5 33. Qb3 Rab8 34. axb5
Bxb5 35. Rab1 Qa6 36. Bxc4 Bxc4 37. Qxb8 Rxb8 38. Rxb8+ Kh7 39. Rb6 Qc8 40. Rc6
Qb7 41. R6xc4 Qb2 42. Bd4 Qa2 43. Rc6 Qd2 44. Bf2 a4 45. Ra1 Qb2 46. Rcc1 a3
47. Be1 a2 48. Bc3 Qe2 49. Bd4 Qd2 50. Rd1 Qc2 51. Kf1 h5 52. Be3 f6 53. Rd2
Qb1+ 54. Rd1 Qc2 55. Rdc1 Qb2 56. Bf2 h4 57. Re1 g5 58. h3 Kg6 59. Rad1 Kf7 60.
Bd4 Qb5+ 61. Re2 Qa4 62. Kf2 Qxd1 63. Rxa2 Qxd4+ 64. Kf1 Qc4+ 65. Re2 Kg6 66.
Kf2 f5 67. Re1 Kf6 68. exf5 Qd4+ 69. Kf1 Qd3+ 70. Kf2 Qxd5 71. Re6+ Kxf5 72.
Re4 Qxe4 73. fxe4+ Kxe4 74. Ke2 Kf4 0-1

[Event "Titled Tuesday 2022.09.27 Late"]
[Site "chess.com INT"]
[Date "2022.09.27"]
[Round "2"]
[White "Hambleton, Aman"]
[Black "Ozalp, B."]
[Result "1-0"]
[WhiteElo "2437"]
[BlackElo "2206"]
[PlyCount "91"]
[EventDate "2022.09.27"]
[EventType "swiss (blitz)"]
[EventRounds "11"]
[EventCountry "NET"]
[Source "Mark Crowther"]
[SourceDate "2022.10.03"]

1. d4 Nf6 2. Bf4 g6 3. e3 Bg7 4. Nf3 O-O 5. h3 d6 6. c3 Nbd7 7. Bh2 b6 8. a4 a6
9. Bd3 Bb7 10. O-O Ne4 11. Nbd2 Nxd2 12. Nxd2 c5 13. Qe2 Ra7 14. Nf3 Qa8 15. e4
c4 16. Bxc4 Bxe4 17. Rfe1 Bxf3 18. Qxf3 Qxf3 19. gxf3 Bf6 20. Kg2 Kg7 21. Bf4
Rc8 22. Bd3 Nf8 23. d5 Nd7 24. Be3 Nc5 25. Bc2 Rac7 26. f4 Nd7 27. Bd3 a5 28.
Ba6 Ra8 29. Bb5 Rac8 30. Bxd7 Rxd7 31. Bxb6 Rb8 32. Bxa5 Rxb2 33. Ra3 Rdb7 34.
Kf3 h5 35. Bb4 g5 36. fxg5 Bxg5 37. a5 Kf6 38. a6 Ra7 39. Re2 Rxe2 40. Kxe2 Ke5
41. c4 Kd4 42. Ra4 Bf4 43. Be1 Kc5 44. f3 Be5 45. Kd3 f6 46. Bf2+ 1-0

[Event "Titled Tuesday 2022.09.27 Late"]
[Site "chess.com INT"]
[Date "2022.09.27"]
[Round "3"]
[White "Shivakumar, Shawnak"]
[Black "Hambleton, Aman"]
[Result "0-1"]
[WhiteElo "2081"]
[BlackElo "2437"]
[PlyCount "66"]
[EventDate "2022.09.27"]
[EventType "swiss (blitz)"]
[EventRounds "11"]
[EventCountry "NET"]
[Source "Mark Crowther"]
[SourceDate "2022.10.03"]

1. c4 e5 2. Nc3 Bb4 3. Nd5 Bd6 4. d4 c6 5. Nc3 Nf6 6. Nf3 e4 7. Ng5 Qe7 8. c5
Bc7 9. Qc2 Ba5 10. Bf4 Nd5 11. e3 Nxf4 12. exf4 h6 13. Nh3 O-O 14. a3 d5 15. b4
Bc7 16. g3 Nd7 17. Nd1 f5 18. Ne3 Qf6 19. Be2 Qxd4 20. Rd1 Qf6 21. g4 Qh4 22.
Ng1 fxg4 23. Nxg4 Rxf4 24. Qc3 Nf6 25. h3 Nxg4 26. hxg4 Qxh1 27. Kd2 Qh4 28.
Nf3 exf3 29. Bd3 Qf6 30. Qc2 Rd4 31. Kc1 Bf4+ 32. Kb1 Bxg4 33. Bh7+ Kh8 0-1

[Event "Titled Tuesday 2022.09.27 Late"]
[Site "chess.com INT"]
[Date "2022.09.27"]
[Round "7"]
[White "Richter, Paul"]
[Black "Hambleton, Aman"]
[Result "1-0"]
[WhiteElo "2171"]
[BlackElo "2437"]
[PlyCount "141"]
[EventDate "2022.09.27"]
[EventType "swiss (blitz)"]
[EventRounds "11"]
[EventCountry "NET"]
[Source "Mark Crowther"]
[SourceDate "2022.10.03"]

1. e4 d5 2. exd5 Qxd5 3. Nc3 Qe5+ 4. Nge2 c6 5. d4 Qa5 6. Ng3 Nf6 7. Bc4 Bg4 8.
f3 Bh5 9. Nxh5 Qxh5 10. O-O e6 11. Bf4 Nbd7 12. Ne4 Nd5 13. Bxd5 cxd5 14. Nd6+
Bxd6 15. Bxd6 f6 16. Qe2 Kf7 17. Qb5 Nb6 18. a4 Rhd8 19. Bc7 Rdc8 20. Bxb6 axb6
21. Qd7+ Kg6 22. c3 Qf5 23. Qxb7 Rab8 24. Qd7 Rd8 25. Qb5 h5 26. Rfe1 h4 27. h3
Kf7 28. Re2 g5 29. Rae1 Re8 30. Rxe6 Qxe6 31. Rxe6 Rxe6 32. Qxd5 Rbe8 33. Qc4
Kg7 34. Kf2 Re1 35. d5 Rd1 36. b4 Kg6 37. a5 bxa5 38. bxa5 Rd8 39. Qe4+ Kh6 40.
c4 Rd2+ 41. Ke1 Ra2 42. Qe7 Rg8 43. Qxf6+ Kh7 44. Qf5+ Kh6 45. Qf6+ Kh7 46.
Qf7+ Rg7 47. Qf5+ Kh6 48. Qe4 Rb7 49. Qe6+ Kh7 50. Qf5+ Kh8 51. d6 Rbb2 52.
Qf6+ Kh7 53. Qxb2 Rxb2 54. c5 Rb5 55. d7 Rxc5 56. d8=Q Re5+ 57. Kf2 Kg6 58.
Qd3+ Kf7 59. Qd2 Rb5 60. Qc3 Kg6 61. Qd3+ Rf5 62. Qxf5+ Kxf5 63. a6 g4 64. a7
g3+ 65. Ke2 Kf4 66. a8=Q Kg5 67. Qe4 Kf6 68. Qg4 Ke5 69. Qxh4 Kf5 70. Qxg3 Kf6
71. Qg4 1-0

[Event "Titled Tuesday 2022.09.27 Late"]
[Site "chess.com INT"]
[Date "2022.09.27"]
[Round "9"]
[White "Aggelis, N."]
[Black "Hambleton, Aman"]
[Result "1-0"]
[WhiteElo "2287"]
[BlackElo "2437"]
[PlyCount "61"]
[EventDate "2022.09.27"]
[EventType "swiss (blitz)"]
[EventRounds "11"]
[EventCountry "NET"]
[Source "Mark Crowther"]
[SourceDate "2022.10.03"]

1. Nf3 d5 2. d4 Nf6 3. c4 e6 4. g3 Bb4+ 5. Nbd2 dxc4 6. Bg2 O-O 7. O-O b5 8. a4
bxa4 9. Nxc4 Bb7 10. Qxa4 a5 11. Bd2 Qe7 12. Nfe5 Bxg2 13. Kxg2 c5 14. Bxb4
cxb4 15. Nxa5 Qd6 16. e3 Qd5+ 17. Kg1 Nbd7 18. Nxd7 Nxd7 19. Qxb4 Rfb8 20. Qd2
Ne5 21. f4 Nf3+ 22. Rxf3 Qxf3 23. Rf1 Qd5 24. b4 Rb5 25. Rc1 Rab8 26. Nc6 Re8
27. Ne7+ Kf8 28. Nxd5 Rxd5 29. Rc7 g6 30. Qa2 Rb8 31. Qa7 1-0

[Event "Titled Tuesday 2022.09.20 Early"]
[Site "chess.com INT"]
[Date "2022.09.20"]
[Round "1"]
[White "Sipahioglu, I."]
[Black "Hambleton, Aman"]
[Result "0-1"]
[WhiteElo "2041"]
[BlackElo "2437"]
[PlyCount "40"]
[EventDate "2022.09.20"]
[EventType "swiss (blitz)"]
[EventRounds "11"]
[EventCountry "NET"]
[Source "Mark Crowther"]
[SourceDate "2022.09.26"]

1. d4 Nf6 2. c4 e6 3. Nc3 Bb4 4. Qc2 c5 5. dxc5 Qc7 6. Nf3 Bxc5 7. Bg5 Be7 8.
e3 a6 9. Rd1 d6 10. Be2 b6 11. O-O Bb7 12. Rd2 O-O 13. Rfd1 Nbd7 14. b3 Rfd8
15. Qb2 Rac8 16. Bh4 b5 17. Rc1 bxc4 18. Bxc4 d5 19. Bd3 Qa5 20. Bb1 Ba3 0-1

[Event "Titled Tuesday 2022.09.20 Early"]
[Site "chess.com INT"]
[Date "2022.09.20"]
[Round "2"]
[White "Hambleton, Aman"]
[Black "Winterberg, L."]
[Result "1/2-1/2"]
[WhiteElo "2437"]
[BlackElo "2394"]
[PlyCount "102"]
[EventDate "2022.09.20"]
[EventType "swiss (blitz)"]
[EventRounds "11"]
[EventCountry "NET"]
[Source "Mark Crowther"]
[SourceDate "2022.09.26"]

1. d4 Nf6 2. Bf4 d5 3. e3 c5 4. c3 Nc6 5. Nd2 cxd4 6. exd4 Bf5 7. Qb3 Qc8 8.
Ngf3 e6 9. Be2 Be7 10. O-O O-O 11. Rfe1 h6 12. h3 Ne4 13. Nxe4 Bxe4 14. Ne5
Nxe5 15. Bxe5 a6 16. a4 Bd8 17. Qd1 Bc7 18. Bxc7 Qxc7 19. Bd3 Bxd3 20. Qxd3
Rab8 21. a5 b6 22. axb6 Rxb6 23. Re2 Rfb8 24. b4 Rc8 25. Re3 Rc6 26. Ra3 Rc4
27. g3 Ra8 28. Ra5 Rc8 29. Rc5 Qa7 30. Qxc4 dxc4 31. Rxc8+ Kh7 32. Rc5 Qd7 33.
Rxc4 Qd5 34. Rc5 Qa2 35. Ra5 Qb1+ 36. Kg2 Qb3 37. Rxa6 Qd5+ 38. Kg1 Qf5 39. Ra1
Qxh3 40. b5 Qf5 41. c4 h5 42. b6 Qc2 43. Ree1 h4 44. gxh4 Qg6+ 45. Kh2 Qg4 46.
Rab1 Qxd4 47. b7 Qxf2+ 48. Kh1 Qf3+ 49. Kh2 Qf2+ 50. Kh1 Qf3+ 51. Kh2 Qf2+
1/2-1/2

[Event "Titled Tuesday 2022.09.20 Early"]
[Site "chess.com INT"]
[Date "2022.09.20"]
[Round "3"]
[White "Omelja, A."]
[Black "Hambleton, Aman"]
[Result "1/2-1/2"]
[WhiteElo "2441"]
[BlackElo "2437"]
[PlyCount "126"]
[EventDate "2022.09.20"]
[EventType "swiss (blitz)"]
[EventRounds "11"]
[EventCountry "NET"]
[Source "Mark Crowther"]
[SourceDate "2022.09.26"]

1. d4 Nf6 2. c4 e6 3. Nf3 b6 4. a3 Bb7 5. Nc3 Ne4 6. Nxe4 Bxe4 7. Nd2 Bb7 8. e4
g6 9. Bd3 Bg7 10. Nf3 O-O 11. O-O d6 12. Qc2 Nd7 13. Be3 c5 14. Rad1 Qc7 15. b4
cxd4 16. Nxd4 a6 17. Nb3 Rac8 18. Be2 b5 19. c5 dxc5 20. Nxc5 Nxc5 21. Bxc5
Rfd8 22. Qb1 Qe5 23. f3 Qb2 24. Rxd8+ Rxd8 25. Rd1 Qxb1 26. Rxb1 Bd4+ 27. Bxd4
Rxd4 28. Rd1 Rxd1+ 29. Bxd1 e5 30. Kf2 Kf8 31. Bb3 Ke7 32. Ke3 f6 33. Bg8 h6
34. Bb3 Bc6 35. Ba2 g5 36. g4 Be8 37. h3 h5 38. Bd5 Kd6 39. Bb3 Kc7 40. Bd5 Kb6
41. Bb3 a5 42. Bd5 h4 43. Bb3 Bd7 44. Bd5 Be8 45. Be6 Bc6 46. Bb3 Ka6 47. Be6
Kb6 48. Bb3 Bb7 49. Ba2 Bc8 50. Bd5 axb4 51. axb4 Bd7 52. Bb3 Kc7 53. Bd5 Kd6
54. Bb3 Be8 55. Kd3 Bc6 56. Ke3 Bb7 57. Bf7 Bc8 58. Bb3 Be6 59. Bxe6 Kxe6 60.
Kd3 Kd6 61. Ke3 Ke6 62. Kd3 Kd6 63. Ke3 Ke6 1/2-1/2

[Event "Titled Tuesday 2022.09.20 Early"]
[Site "chess.com INT"]
[Date "2022.09.20"]
[Round "4"]
[White "Hambleton, Aman"]
[Black "Di Nicolantonio, L."]
[Result "1-0"]
[WhiteElo "2437"]
[BlackElo "2383"]
[PlyCount "103"]
[EventDate "2022.09.20"]
[EventType "swiss (blitz)"]
[EventRounds "11"]
[EventCountry "NET"]
[Source "Mark Crowther"]
[SourceDate "2022.09.26"]

1. d4 g6 2. Bf4 Bg7 3. e3 d6 4. h3 Nd7 5. Nf3 e5 6. Bh2 Nh6 7. c4 O-O 8. Nc3
Nf5 9. Be2 Re8 10. O-O exd4 11. exd4 Nf8 12. Qd2 a6 13. Rfe1 Nh4 14. Bg3 Nf5
15. Bf4 Ne6 16. d5 Nxf4 17. Qxf4 Bh6 18. Qh2 Bd7 19. Bd3 Bg7 20. Bxf5 Bxf5 21.
Qf4 Qf6 22. Qd2 h6 23. Re3 Rxe3 24. Qxe3 Bd7 25. Re1 Re8 26. Qd2 Rxe1+ 27. Qxe1
Kf8 28. Qe3 Qe7 29. Qa7 Bc8 30. Qb8 Qd7 31. a4 Bf6 32. Nd2 Kg7 33. Nde4 Bd4 34.
Kf1 Qf5 35. Ke2 Qe5 36. Kd2 Bxc3+ 37. Nxc3 Bf5 38. Qxc7 Qd4+ 39. Ke2 Qd3+ 40.
Ke1 Qc2 41. Qxd6 Qc1+ 42. Ke2 Qc2+ 43. Ke3 Qd3+ 44. Kf4 g5+ 45. Ke5 Bg6 46.
Qf6+ Kh7 47. Kd6 Qxc4 48. Kd7 Qb4 49. d6 Qxb2 50. Ke7 Qc1 51. Kf8 Qxc3 52. Qxc3
1-0